000 00693nam a22002177a 4500
005 20170602145411.0
008 090109t xxu||||| |||| 00| 0urd d
010 _aA-412463
020 _c100.00
_a-
035 _aA-412463
037 _bDBAD/PUB
040 _aDPL
_bUrdu
082 _aن
100 _aطلسم ہو شر و با -جلد د و م
245 _aطلسم ہو شر و با -جلد د و م
_cطلسم ہو شر و با -جلد د و م
246 _aTalsum Hoshruba (Part-2)
_bBy -
260 _aدہلی
_bMaktaba Jamia Ltd.
_c1988
270 _aUrdu Bazar Jama Masjid
_bدھلی
_e110006
_k-
300 _a900ص
_c22 cm(hb)
942 _2ddc
_cUR
_hن
_mط ل س
999 _c140716
_d140716